Что такое иудаизм ?: Современная интерпретация; пер. с англ.

Bibliographic Details
Main Author: Факенгейм Э. Эмиль
Language:Russian
Published: Москва, Знание, 2002
Series:Евреи в современном мире
Subjects:
Format: Book
KOHA link:https://koha.lib.tpu.ru/cgi-bin/koha/opac-detail.pl?biblionumber=52120

MARC

LEADER 00000nam0a2200000 4500
001 52120
005 20231101211342.0
035 |a (RuTPU)RU\TPU\book\54596 
090 |a 52120 
100 |a 20030522d2002 m y0rusy50 ca 
101 1 |a rus  |c eng 
102 |a RU 
105 |a y z 000zy 
200 1 |a Что такое иудаизм ?  |e Современная интерпретация  |e пер. с англ.  |f Э. Факенгейм 
210 |a Москва  |c Знание  |d 2002 
215 |a 328 с. 
225 1 |a Евреи в современном мире 
606 |a Иудаизм  |2 stltpush  |3 (RuTPU)RU\TPU\subj\13322  |9 39943 
610 1 |a религия 
610 1 |a сионизм 
610 1 |a еврейский народ 
610 1 |a антисемитизм 
610 1 |a ассимиляция 
610 1 |a Израиль 
610 1 |a мессия 
686 |a Э36  |v LBC/SL-A  |2 rubbk 
700 1 |a Факенгейм  |b Э.  |g Эмиль 
801 1 |a RU  |b 63413507  |c 20030522  |g PSBO 
801 2 |a RU  |b 63413507  |c 20190910  |g PSBO 
900 |a Религиоведение 
942 |c BK